Aundh experiment: a gandhian grass-roots democracy (Record no. 10931)

MARC details
000 -LEADER
fixed length control field 00471nam a2200157Ia 4500
082 ## - DEWEY DECIMAL CLASSIFICATION NUMBER
Classification number 923.254 ROT-A
100 ## - MAIN ENTRY--AUTHOR NAME
Personal name Rothermund, Indiar;
245 #0 - TITLE STATEMENT
Title Aundh experiment: a gandhian grass-roots democracy
260 ## - PUBLICATION, DISTRIBUTION, ETC. (IMPRINT)
Place of publication Bombay
Name of publisher Somiya Publications
Year of publication 1983
300 ## - PHYSICAL DESCRIPTION
Number of Pages xxvi, 163p.
650 ## - SUBJECT ADDED ENTRY--TOPICAL TERM
Topical Term Democracy - India
650 ## - SUBJECT ADDED ENTRY--TOPICAL TERM
Topical Term Gandhi, Mohandas Karamchand
650 ## - SUBJECT ADDED ENTRY--TOPICAL TERM
Topical Term Decentralization in government - India
650 ## - SUBJECT ADDED ENTRY--TOPICAL TERM
Topical Term India - Politics and government
942 ## - ADDED ENTRY ELEMENTS (KOHA)
Koha item type Books
Source of classification or shelving scheme Dewey Decimal Classification
Holdings
Withdrawn status Lost status Damaged status Not for loan Home library Current library Date acquired Bill Date Full call number Accession Number Price effective from Koha item type
        NASSDOC Library NASSDOC Library 08/10/2004 2004-10-22 923.254 ROT-A 17036 18/04/2019 Books